000
00299nam a22001337a 4500
005
20250526113131.0
008
170531b xxu||||| |||| 00| 0 eng d
022
_a
0019-4875
245
_a
INDIAN HORTICULTURE
260
_b
ICAR
_c
2017
300
_a
40
490
_a
Volume 62
_a
Issue 1
942
_c
JRL
999
_c
5464
_d
5462